Miasta w województwie lubelskim - Statystyki

Ogólne statystyki
  • Ten quiz został rozwiązany 4 144 razy
  • Średni wynik to 23 z 47
Statystyki odpowiedzi
Miasto Liczba ludności % Poprawnych
Lublin 340 745
100%
Zamość 64 746
91%
Chełm 63 949
87%
Biała Podlaska 57 389
79%
Puławy 48 526
77%
Świdnik 39 913
71%
Kraśnik 35 078
70%
Biłgoraj 26 724
67%
Krasnystaw 19 041
66%
Lubartów 22 321
66%
Hrubieszów 18 212
64%
Tomaszów Lubelski 19 550
64%
Łęczna 19 304
62%
Łuków 30 381
60%
Janów Lubelski 12 053
58%
Włodawa 13 535
58%
Kazimierz Dolny 2 597
55%
Opole Lubelskie 8 702
55%
Radzyń Podlaski 15 963
54%
Ryki 9 872
54%
Nałęczów 3 787
50%
Parczew 10 810
50%
Dęblin 16 656
49%
Szczebrzeszyn 5 132
43%
Terespol 5 707
42%
Annopol 2 606
41%
Zwierzyniec 3 266
41%
Kock 3 350
40%
Międzyrzec Podlaski 16 993
39%
Krasnobród 3 123
37%
Bychawa 5 033
36%
Frampol 1 444
36%
Piaski 2 621
36%
Poniatowa 9 461
35%
Rejowiec 2 114
35%
Bełżyce 6 629
34%
Józefów 2 494
33%
Ostrów Lubelski 2 153
28%
Rejowiec Fabryczny 4 419
28%
Stoczek Łukowski 2 622
26%
Tarnogród 3 396
26%
Modliborzyce 1 440
24%
Urzędów 1 678
24%
Lubycza Królewska 2 493
23%
Siedliszcze 1 379
22%
Tyszowce 2 122
21%
Łaszczów 2 171
19%
Nie znaleziono quizów pasujących do podanych kryteriów
Rozkład punktacji
Procent ludzi z każdym wynikiem
Percentyl według liczby udzielonych odpowiedzi
Twoja historia wyników
Nie rozwiązałeś tego quizu